[Event "Open d'Aubagne 2018-2019"]
[Site "Aubagne"]
[Date "2019.02.02"]
[Round "7.27"]
[White "Prasant, Krishnan"]
[Black "Periale, Albert"]
[Result "0-1"]
[WhiteElo "1261"]
[BlackElo "1263"]
[PlyCount "64"]
[EventDate "2018.??.??"]
[WhiteTeam "Cassis Echecs"]
[BlackTeam "Cercle d'Echecs Aubagnais"]

1. d4 d5 2. c4 e6 3. Nf3 Nf6 4. g3 Nbd7 5. Bg2 dxc4 6. O-O Bb4 7. Qc2 Nb6 8. a4
a5 9. Rd1 O-O 10. Ne5 Qe7 11. Nxc4 Nxc4 12. Qxc4 c6 13. Nc3 h6 14. Qd3 Rd8 15.
e3 e5 16. Qc2 exd4 17. Rxd4 Be6 18. Rxd8+ Rxd8 19. e4 Bc4 20. Ne2 Bd3 21. Qd1
Bxe4 22. Qf1 Bxg2 23. Qxg2 Qxe2 24. Qh3 Rd1+ 25. Kg2 Qf1+ 26. Kf3 Qxh3 27. Rb1
Qf5+ 28. Kg2 Qxb1 29. Kh3 Rxc1 30. b3 g5 31. Kg2 Rg1+ 32. Kf3 Qe4# 0-1

[Event "Open d'Aubagne 2018-2019"]
[Site "Aubagne"]
[Date "2019.02.02"]
[Round "7.28"]
[White "Periale, Francine"]
[Black "Biglia, Michel"]
[Result "0-1"]
[WhiteElo "1038"]
[BlackElo "1238"]
[PlyCount "66"]
[EventDate "2018.??.??"]
[WhiteTeam "Cercle d'Echecs Aubagnais"]
[BlackTeam "Cercle d'Echecs Aubagnais"]

1. d4 e6 2. Nf3 g6 3. e3 Bg7 4. Bd3 d5 5. c4 Nf6 6. Nbd2 O-O 7. b3 Nc6 8. O-O
Nb4 9. Bb1 a6 10. Bb2 Bd7 11. Re1 Bc6 12. e4 dxe4 13. Nxe4 Nxe4 14. Bxe4 f5 15.
Bxc6 Nxc6 16. Rxe6 Qd7 17. Re2 Rad8 18. Qd2 Nxd4 19. Rd1 Nxf3+ 20. gxf3 Qxd2
21. Rdxd2 Rxd2 22. Bxg7 Kxg7 23. Re7+ Rf7 24. Re3 Kf6 25. a4 Re7 26. h3 Rxe3
27. fxe3 Rd3 28. Kf2 Rxb3 29. a5 Ke5 30. f4+ Ke4 31. h4 Rxe3 32. c5 Kxf4 33. c6
bxc6 0-1

[Event "Open d'Aubagne 2018-2019"]
[Site "Aubagne"]
[Date "2019.02.02"]
[Round "7.29"]
[White "Bhutra, Patricia"]
[Black "Lecomte, Gael"]
[Result "0-1"]
[WhiteElo "1010"]
[BlackElo "1194"]
[PlyCount "52"]
[EventDate "2018.??.??"]
[WhiteTeam "Club Provence Echecs"]
[BlackTeam "L'Echiquier du Roy René"]

1. e4 e5 2. Nf3 Nc6 3. Bc4 Be7 4. c3 Nf6 5. d4 exd4 6. cxd4 Nxe4 7. Nc3 Bb4 8.
O-O Bxc3 9. d5 Bf6 10. dxc6 bxc6 11. Re1 d5 12. Bd3 Bf5 13. b3 Bxa1 14. Ba3 Bf6
15. h3 Be7 16. Bb2 O-O 17. Ne5 Qd6 18. Nf3 Bf6 19. Qc1 Bxb2 20. Qxb2 Qg6 21.
Nd4 Bxh3 22. Kf1 Qxg2+ 23. Ke2 Bg4+ 24. Ke3 Qh3+ 25. Kf4 g5+ 26. Ke5 f6# 0-1

[Event "Open d'Aubagne 2018-2019"]
[Site "Aubagne"]
[Date "2019.02.02"]
[Round "7.30"]
[White "Shelar, Manasvi"]
[Black "Bartolini, Manuela"]
[Result "0-1"]
[WhiteElo "1280"]
[BlackElo "1061"]
[PlyCount "146"]
[EventDate "2018.??.??"]
[WhiteTeam "L'Echiquier du Roy René"]
[BlackTeam "Cercle d'Echecs Aubagnais"]

1. e4 e6 2. Nf3 d5 3. e5 c6 4. d3 c5 5. d4 Nc6 6. dxc5 Bxc5 7. Nc3 a6 8. Bf4 b5
9. a3 Ba7 10. Bd3 Qb6 11. Qe2 d4 12. Ne4 Bb8 13. O-O Nge7 14. Nd6+ Bxd6 15.
exd6 Nd5 16. Bg5 O-O 17. Be4 f6 18. Bh4 Bd7 19. Qd2 e5 20. Bxd5+ Kh8 21. h3
Rae8 22. Rae1 Nd8 23. Re2 Qxd6 24. Be4 Nf7 25. Rc1 Rc8 26. b3 Nd8 27. c4 Ne6
28. Bc2 Nf4 29. Ree1 Rfd8 30. Bg3 Bc6 31. Qd1 Bxf3 32. Qxf3 d3 33. Red1 Ne2+
34. Qxe2 dxe2 35. Rxd6 Rxd6 36. Re1 Rd2 37. f3 Rxc2 38. Kf2 Rd8 39. Rxe2 Rdd2
40. Rxd2 Rxd2+ 41. Ke3 Rxg2 42. Be1 bxc4 43. bxc4 Kg8 44. Kd3 Kf7 45. c5 Ke7
46. c6 Kd6 47. Kc4 Rc2+ 48. Kb4 Kxc6 49. Ka5 Kb7 50. Bb4 g6 51. Be7 f5 52. Bf6
e4 53. fxe4 fxe4 54. Bh4 Rh2 55. a4 Rxh3 56. Be1 g5 57. Bb4 g4 58. Ba3 Rxa3 59.
Kb4 Rf3 60. Kc4 g3 61. Kd4 Rf4 62. Ke3 Rh4 63. Ke2 e3 64. Kxe3 Rxa4 65. Kf3
Ra3+ 66. Kg2 a5 67. Kf1 a4 68. Ke2 Rb3 69. Kd2 g2 70. Kc2 g1=Q 71. Kd2 Qg2+ 72.
Kc1 Rf3 73. Kd1 Rf1# 0-1

[Event "Open d'Aubagne 2018-2019"]
[Site "Aubagne"]
[Date "2019.02.02"]
[Round "7.31"]
[White "Shelar, Rujuta"]
[Black "Strate, Francois"]
[Result "0-1"]
[WhiteElo "1057"]
[BlackElo "1387"]
[PlyCount "84"]
[EventDate "2018.??.??"]
[WhiteTeam "L'Echiquier du Roy René"]
[BlackTeam "Sanary Echecs"]

1. e4 e6 2. Bc4 d5 3. Bd3 dxe4 4. Bxe4 Nf6 5. Nc3 Nxe4 6. Nxe4 Nc6 7. Nf3 b6 8.
d3 h6 9. a3 Be7 10. Bf4 O-O 11. Qd2 f5 12. Nc3 Bb7 13. O-O-O Bf6 14. Rhg1 e5
15. Nxe5 Nxe5 16. Bxe5 Bxe5 17. Kb1 a6 18. h3 Qd6 19. g4 Bf4 20. Qe2 Rae8 21.
Qf1 fxg4 22. Rxg4 Bf3 23. Re1 Rxe1+ 24. Qxe1 Bxg4 25. hxg4 Qe5 26. Qxe5 Bxe5
27. Nd5 Rxf2 28. c3 Rg2 29. d4 Bd6 30. Ka2 Rxg4 31. Kb3 h5 32. Ka4 h4 33. b4 h3
34. c4 Rxd4 35. b5 a5 36. Kb3 h2 37. Kc3 Rd1 38. Ne3 Rc1+ 39. Kb2 h1=Q 40. Kb3
Rb1+ 41. Ka2 Qc1 42. Nd5 Qb2# 0-1

[Event "Open d'Aubagne 2018-2019"]
[Site "Aubagne"]
[Date "2019.02.02"]
[Round "7.32"]
[White "Turpin, Isabelle"]
[Black "Burnel, Marie-France"]
[Result "1-0"]
[WhiteElo "1167"]
[BlackElo "1059"]
[PlyCount "55"]
[EventDate "2018.??.??"]
[WhiteTeam "Cercle d'Echecs Aubagnais"]
[BlackTeam "Cercle d'Echecs Aubagnais"]

1. d4 d5 2. c4 Nf6 3. Nf3 g6 4. Nc3 c6 5. cxd5 Nxd5 6. Nxd5 Qxd5 7. e3 b5 8.
Bd2 Bg7 9. a3 a5 10. Bd3 a4 11. Rc1 Bb7 12. e4 Qd7 13. O-O Bxd4 14. Nxd4 Qxd4
15. Bc3 Qd6 16. Bxh8 Nd7 17. Re1 O-O-O 18. e5 Qb8 19. Bg7 Qa8 20. e6 fxe6 21.
Rxe6 c5 22. Bxb5 Bxg2 23. Qg4 Qf3 24. Bxd7+ Rxd7 25. Rxc5+ Kd8 26. Qxf3 Rd6 27.
Qf8+ Kd7 28. Qxe7# 1-0

[Event "Open d'Aubagne 2018-2019"]
[Site "Aubagne"]
[Date "2019.02.02"]
[Round "7.33"]
[White "Couillaud, Gabriel"]
[Black "Deroual, Alexandre"]
[Result "0-1"]
[WhiteElo "1144"]
[BlackElo "1058"]
[PlyCount "68"]
[EventDate "2018.??.??"]
[WhiteTeam "L'Echiquier du Roy René"]
[BlackTeam "La Ciotat Echecs (LCE)"]

1. e4 g6 2. d4 e6 3. e5 Nc6 4. Nf3 d6 5. Bf4 d5 6. Ng5 Bh6 7. Nh3 Bd7 8. Qd2
Bg7 9. Nc3 Nge7 10. Bh6 O-O 11. Qf4 Nxd4 12. O-O-O Ndf5 13. Bd3 Bxh6 14. Qxh6
Nxh6 15. Rde1 c5 16. Re3 Nhf5 17. Bxf5 Nxf5 18. Rf3 Nd4 19. Rg3 b5 20. Nf4 b4
21. Nh5 bxc3 22. Nf6+ Kg7 23. Rxc3 Ne2+ 24. Kd2 Nxc3 25. Kxc3 Qa5+ 26. Kd3 Bb5+
27. Ke3 d4+ 28. Ke4 Be2 29. Rg1 Qd2 30. g4 Bd1 31. Rg3 g5 32. Rh3 Qxc2+ 33. Rd3
Qe2+ 34. Re3 Bc2# 0-1

[Event "Open d'Aubagne 2018-2019"]
[Site "Aubagne"]
[Date "2019.02.02"]
[Round "7.34"]
[White "Bhutra, Richard"]
[Black "Madi, Walid"]
[Result "0-1"]
[WhiteElo "1010"]
[BlackElo "1144"]
[PlyCount "62"]
[EventDate "2018.??.??"]
[WhiteTeam "Club Provence Echecs"]
[BlackTeam "La Ciotat Echecs (LCE)"]

1. e4 c5 2. Nf3 Nc6 3. Bc4 g6 4. d3 Bg7 5. Ng5 e6 6. Be3 Bxb2 7. Nc3 Bxc3+ 8.
Bd2 Bxa1 9. Qxa1 Nd4 10. Be3 Nxc2+ 11. Ke2 Nxa1 12. Rxa1 Qf6 13. Rc1 Ne7 14. d4
cxd4 15. Bd2 Nc6 16. Nf3 d5 17. exd5 exd5 18. Bxd5 Qe7+ 19. Kd3 Nb4+ 20. Kc4
Nxd5 21. Re1 b5+ 22. Kxd5 Bb7+ 23. Kxd4 O-O-O+ 24. Kc3 Be4 25. Bg5 Rd3+ 26. Kc2
Qc5+ 27. Kb1 Rd1+ 28. Kb2 Qc2+ 29. Ka3 Rd3+ 30. Kb4 Qc4+ 31. Ka5 Ra3# 0-1

[Event "Open d'Aubagne 2018-2019"]
[Site "Aubagne"]
[Date "2019.02.02"]
[Round "7.35"]
[White "Roganova, Maxime"]
[Black "Madi, Mohammed"]
[Result "0-1"]
[WhiteElo "1009"]
[BlackElo "1090"]
[PlyCount "92"]
[EventDate "2018.??.??"]
[WhiteTeam "Cercle d'Echecs Aubagnais"]
[BlackTeam "La Ciotat Echecs (LCE)"]

1. e4 c5 2. Nf3 d6 3. d4 cxd4 4. Nxd4 Nf6 5. Nc3 Qa5 6. Bg5 Nxe4 7. Bd2 Nf6 8.
Bb5+ Nbd7 9. O-O a6 10. Nb3 Qc7 11. Bd3 g6 12. Re1 Bg7 13. Qc1 Ng4 14. h3 Nge5
15. Bg5 f6 16. Rd1 O-O 17. Bh6 Nc5 18. Be4 d5 19. Bd3 Ncxd3 20. cxd3 a5 21.
Nxd5 Qxc1 22. Nxe7+ Kh8 23. Bxg7+ Kxg7 24. Raxc1 Re8 25. Nxc8 Raxc8 26. d4 Rxc1
27. Rxc1 Nc6 28. Rd1 a4 29. Nc5 Rd8 30. Nxa4 Nxd4 31. Rd3 Ne2+ 32. Kf1 Rxd3 33.
Kxe2 Rd4 34. Nc5 b6 35. Nb3 Rc4 36. Kd3 Rc6 37. Nd2 Rd6+ 38. Ke2 Rc6 39. Kd3 f5
40. Nc4 b5 41. Ne5 Rc5 42. Nd7 Rd5+ 43. Kc3 Rxd7 44. Kb4 Rd2 45. Kxb5 Rxb2+ 46.
Kc6 Rxa2 0-1

[Event "Open d'Aubagne 2018-2019"]
[Site "Aubagne"]
[Date "2019.02.02"]
[Round "7.38"]
[White "Rieu, Jean"]
[Black "Lognos, Lina"]
[Result "0-1"]
[WhiteElo "1161"]
[BlackElo "1009"]
[PlyCount "82"]
[EventDate "2018.??.??"]
[WhiteTeam "U.S.C.M."]
[BlackTeam "Cercle d'Echecs Aubagnais"]

1. Nf3 Nf6 2. d4 d5 3. Nc3 e6 4. a3 Nc6 5. Bf4 Be7 6. Nb5 Bd6 7. Nxd6+ cxd6 8.
e3 O-O 9. Bd3 Nh5 10. Ng5 Nf6 11. Qf3 e5 12. dxe5 Nxe5 13. Bxe5 dxe5 14. Bf5
Bxf5 15. Qxf5 e4 16. h4 Rc8 17. h5 Rxc2 18. O-O Qd7 19. Qxd7 Nxd7 20. f4 Rxb2
21. f5 Nf6 22. g4 Rb3 23. Rfe1 Nxg4 24. f6 Nxf6 25. h6 gxh6 26. Nh3 Ng4 27. Kh1
Rc8 28. Rg1 h5 29. Nf4 Rc2 30. Rg2 Rxg2 31. Kxg2 Nxe3+ 32. Kf2 h4 33. Rg1+ Kf8
34. Nh5 f5 35. Nf6 h6 36. Nd7+ Ke7 37. Rg7+ Kd6 38. Nf8 h3 39. Rg6+ Ke7 40. Ne6
h2 41. Rxh6 Ng4+ 0-1

[Event "Open d'Aubagne 2018-2019"]
[Site "Aubagne"]
[Date "2019.02.02"]
[Round "7.39"]
[White "Innocenti, Georges"]
[Black "Catanese, Sauveur"]
[Result "1-0"]
[WhiteElo "1399"]
[BlackElo "1018"]
[PlyCount "31"]
[EventDate "2018.??.??"]
[WhiteTeam "Cercle d'Echecs Aubagnais"]
[BlackTeam "Cercle d'Echecs Aubagnais"]

1. e4 d6 2. Nc3 Nf6 3. Nf3 g6 4. d4 Bg7 5. e5 dxe5 6. dxe5 Nfd7 7. Bf4 O-O 8.
Qd2 e6 9. O-O-O Nc6 10. Bg5 f6 11. exf6 Bxf6 12. h4 Bxg5 13. Nxg5 b6 14. Nxe6
Re8 15. Nxd8 Nf6 16. Nxc6 1-0

[Event "Open d'Aubagne 2018-2019"]
[Site "Aubagne"]
[Date "2019.02.02"]
[Round "7.40"]
[White "Cayrou, Kylian"]
[Black "Lopez, Marcel"]
[Result "0-1"]
[WhiteElo "1020"]
[BlackElo "1399"]
[PlyCount "50"]
[EventDate "2018.??.??"]
[WhiteTeam "Marseille-Echecs"]
[BlackTeam "Cassis Echecs"]

1. e4 e5 2. Nf3 Nc6 3. Nc3 f6 4. d4 b6 5. dxe5 fxe5 6. Qd5 Qe7 7. Bg5 Nf6 8.
Qb5 Bb7 9. O-O-O a6 10. Qc4 O-O-O 11. Qa4 Qb4 12. Qxb4 Bxb4 13. Nd5 Be7 14.
Nxe7+ Nxe7 15. Nxe5 Rhf8 16. g3 Bxe4 17. Rg1 d6 18. f4 dxe5 19. Rxd8+ Rxd8 20.
fxe5 Nfg8 21. Bxa6+ Kb8 22. Bc4 h6 23. Bxe7 Nxe7 24. Re1 Bf3 25. Re3 Rd1# 0-1